[Event "HUN Team League Ch. Csongrad Region"]
[Site "Csongrád County"]
[Date "2016.02.21"]
[Round "6.1"]
[White "Hajdu, Istvan"]
[Black "Miko, Valer"]
[Result "0-1"]
[WhiteElo "2034"]
[BlackElo "2075"]
[PlyCount "69"]
[EventDate "2015.09.20"]

1. e4 e6 2. d4 d5 3. exd5 exd5 4. Bd3 Bd6 5. Nf3 Nc6 6. c3 Bg4 7. h3 Bh5 8. O-O
Nge7 9. Re1 Qd7 10. b4 Nd8 11. Ne5 Bxd1 12. Nxd7 Bh5 13. Ne5 O-O 14. f4 Bg6 15.
f5 Bxf5 16. Bxf5 Nxf5 17. Nd7 Ne6 18. Nxf8 Kxf8 19. Na3 a5 20. b5 Bg3 21. Re2
Nd6 22. Rb1 Ne4 23. Bd2 Re8 24. Nc2 Nxd2 25. Rxd2 Nf4 26. Kf1 Re6 27. Ne1 Re3
28. Rc2 f6 29. Nf3 b6 30. Ng1 Kf7 31. Rbc1 Nd3 32. Rd1 Nf4 33. c4 dxc4 34. Rxc4
Nd5 35. Ne2 0-1

[Event "HUN Team League Ch. Csongrad Region"]
[Site "Csongrád County"]
[Date "2016.02.21"]
[Round "6.1"]
[White "Tanacs, Anna"]
[Black "Udvardi, Zalan"]
[Result "1-0"]
[WhiteElo "2033"]
[BlackElo "1977"]
[PlyCount "89"]
[EventDate "2015.09.20"]

1. d4 d5 2. Nf3 Nf6 3. c4 e6 4. a3 a5 5. Nc3 h6 6. Bf4 Bd6 7. Be5 c6 8. e3 Qe7
9. c5 Bxe5 10. Nxe5 Nbd7 11. f4 Nxe5 12. fxe5 Nd7 13. Qg4 f6 14. Bd3 fxe5 15.
Qh5+ Kd8 16. O-O exd4 17. exd4 Nf6 18. Qg6 Bd7 19. b4 Be8 20. Qg3 Qc7 21. Qe1
axb4 22. axb4 Rxa1 23. Qxa1 Ke7 24. Qe1 Bf7 25. b5 Re8 26. b6 Qb8 27. Qa1 Kd7
28. Ne2 Re7 29. Nf4 Re8 30. Bg6 Bxg6 31. Nxg6 Qa8 32. Qb2 Qb8 33. Ne5+ Ke7 34.
Qc2 Rg8 35. Ra1 Ne4 36. Ra7 Qc8 37. Qa4 Kf6 38. Qd1 Ke7 39. Qh5 g6 40. Qxh6 Nf6
41. Nxg6+ Kf7 42. Ne5+ Ke7 43. Qh4 Rg7 44. h3 Rg8 45. Qf4 1-0

[Event "HUN Team League Ch. Csongrad Region"]
[Site "Csongrád County"]
[Date "2016.02.21"]
[Round "6.1"]
[White "Bardos, Istvan"]
[Black "Farkas, Sandor"]
[Result "1/2-1/2"]
[WhiteElo "1960"]
[BlackElo "1857"]
[PlyCount "80"]
[EventDate "2015.09.20"]

1. e4 c5 2. Nf3 a6 3. d4 cxd4 4. Nxd4 Nf6 5. Bd3 e5 6. Nb3 d5 7. Bg5 d4 8. O-O
Be7 9. a4 Bg4 10. f3 Be6 11. N1d2 Nc6 12. Bc4 h6 13. Bxf6 gxf6 14. Bxe6 fxe6
15. f4 Qb6 16. Nc4 Qc7 17. Qh5+ Kd7 18. f5 Rag8 19. fxe6+ Kc8 20. a5 Rg5 21.
Nb6+ Kb8 22. Nd7+ Ka7 23. Qh3 Rhg8 24. g3 R8g6 25. Rf3 Rg4 26. Nxf6 Bxf6 27.
Rxf6 Rxf6 28. Qxg4 Qe7 29. Rf1 Rxe6 30. Qg8 Rf6 31. Rxf6 Qxf6 32. Kg2 Qd6 33.
Qc4 Qd8 34. Qc5+ Ka8 35. Qd5 Qg5 36. h4 Qg4 37. Nc5 Qe2+ 38. Kh3 Qf1+ 39. Kg4
Qe2+ 40. Kh3 Qf1+ 1/2-1/2

[Event "HUN Team League Ch. Csongrad Region"]
[Site "Csongrád County"]
[Date "2016.02.21"]
[Round "6.1"]
[White "Fabian, Istvan"]
[Black "Csipai, Levente"]
[Result "1/2-1/2"]
[WhiteElo "1742"]
[BlackElo "1856"]
[PlyCount "100"]
[EventDate "2015.09.20"]

1. e4 e6 2. d4 d5 3. exd5 exd5 4. Nf3 Bd6 5. Bg5 f6 6. Be3 Be6 7. Bd3 Ne7 8.
Qd2 Nbc6 9. c3 Qd7 10. Qc2 Bf5 11. Nh4 Bxd3 12. Qxd3 Qg4 13. g3 g5 14. h3 Qe6
15. Nf3 Nf5 16. Kd2 O-O-O 17. Na3 Bxa3 18. bxa3 Na5 19. Rhe1 Nc4+ 20. Kc1 Nfxe3
21. fxe3 Qxh3 22. e4 c6 23. Nd2 Nxa3 24. exd5 cxd5 25. Kb2 Nc4+ 26. Nxc4 dxc4
27. Qxc4+ Kb8 28. Re7 Qxg3 29. Rb1 Rc8 30. Rxb7+ Ka8 31. Rxa7+ Kxa7 32. Qa4+
Kb7 33. Ka3+ Kc7 34. Qa5+ Kd7 35. Qf5+ Ke7 36. Rb7+ Rc7 37. Qc5+ Kd7 38. Qf5+
Ke8 39. Qe6+ Kf8 40. Qxf6+ Ke8 41. Qxh8+ Kd7 42. Qxh7+ Kc8 43. Rxc7+ Qxc7 44.
Qg8+ Kd7 45. Kb4 Qb6+ 46. Kc4 Qa6+ 47. Kb3 Qb5+ 48. Kc2 Qe2+ 49. Kb3 Qb5+ 50.
Ka3 Qa6+ 1/2-1/2

[Event "HUN Team League Ch. Csongrad Region"]
[Site "Csongrád County"]
[Date "2016.02.21"]
[Round "6.1"]
[White "Balatoni, Gyorgy"]
[Black "Kiss, Rebeka"]
[Result "0-1"]
[WhiteElo "1794"]
[BlackElo "1672"]
[PlyCount "148"]
[EventDate "2015.09.20"]

1. c4 c6 2. Nc3 Nf6 3. e4 e5 4. Nf3 d6 5. Be2 Be7 6. O-O O-O 7. d4 Nbd7 8. Be3
Qc7 9. h3 Nb6 10. Rc1 exd4 11. Nxd4 Be6 12. Qb3 Rfe8 13. f4 Rad8 14. f5 Bc8 15.
Qc2 Bf8 16. Bf4 Nbd7 17. g4 Nc5 18. Bf3 g6 19. g5 Nfd7 20. b4 Na6 21. a3 Ne5
22. Be2 Bg7 23. Rcd1 Nd7 24. f6 Bf8 25. h4 Ne5 26. Bxe5 dxe5 27. Nf3 Bg4 28.
Rxd8 Rxd8 29. Rd1 Bxf3 30. Bxf3 Rxd1+ 31. Qxd1 Qd6 32. Qxd6 Bxd6 33. c5 Bb8 34.
Be2 Nc7 35. Bc4 b6 36. cxb6 axb6 37. Kf2 Ne8 38. a4 Bc7 39. Kf3 Nd6 40. Ba6 Kf8
41. Ke3 Ke8 42. Kd3 Kd7 43. Bc4 Nxc4 44. Kxc4 Bd6 45. Ne2 Bf8 46. Ng1 h5 47.
Nf3 Bd6 48. Nd2 Kc7 49. Nb3 Kb7 50. a5 bxa5 51. Nxa5+ Kb6 52. Nb3 Kc7 53. Nc5
Kb6 54. Na4+ Kb7 55. Nc3 Bb8 56. Na4 Ba7 57. Nc5+ Kc7 58. b5 cxb5+ 59. Kxb5 Kc8
60. Kc6 Kd8 61. Nb7+ Ke8 62. Nd6+ Kf8 63. Kd5 Bf2 64. Kxe5 Bxh4 65. Kf4 Be1 66.
Nc4 Bb4 67. Kf3 Ke8 68. e5 Kd7 69. Kg3 Ke6 70. Nb2 Bc3 71. Nd3 Bxe5+ 72. Kh4
Kf5 73. Ne1 Bf4 74. Nf3 Be3 0-1

[Event "HUN Team League Ch. Csongrad Region"]
[Site "Csongrád County"]
[Date "2016.02.21"]
[Round "6.1"]
[White "Kozak, Janos"]
[Black "Papp, Bence"]
[Result "1-0"]
[WhiteElo "1597"]
[BlackElo "1690"]
[PlyCount "85"]
[EventDate "2015.09.20"]

1. c4 Nf6 2. Nc3 e6 3. e4 e5 4. Nf3 d6 5. d4 exd4 6. Nxd4 Be7 7. g3 Bg4 8. f3
Bh5 9. Bg2 Nbd7 10. O-O O-O 11. b3 Re8 12. Bb2 Bf8 13. Qd3 Bg6 14. Rae1 c6 15.
Re2 d5 16. cxd5 cxd5 17. Kh1 Nc5 18. Qb1 dxe4 19. Nxe4 Ncxe4 20. fxe4 Bd6 21.
Nf5 Be5 22. Bxe5 Rxe5 23. Qb2 Qe8 24. Rfe1 Rd8 25. h3 Qe6 26. g4 Re8 27. Qc2 h5
28. Bf3 hxg4 29. hxg4 Nh7 30. Qd2 f6 31. Kg2 Ng5 32. Qd3 Bh7 33. Kg3 g6 34. Nh4
Nf7 35. Qc2 Rg5 36. Kh3 Ne5 37. Rg1 f5 38. exf5 gxf5 39. Qd2 fxg4+ 40. Bxg4 Qf6
41. Qxg5+ Qxg5 42. Be6+ Rxe6 43. Rxg5+ 1-0

[Event "HUN Team League Ch. Csongrad Region"]
[Site "Csongrád County"]
[Date "2016.02.21"]
[Round "6.1"]
[White "Tapodi, Norman Lajos"]
[Black "Makay, Andor Dr"]
[Result "1/2-1/2"]
[WhiteElo "1591"]
[BlackElo "1708"]
[PlyCount "61"]
[EventDate "2015.09.20"]

1. Nf3 g6 2. g3 Bg7 3. Bg2 e5 4. d3 c6 5. c4 d6 6. Nc3 Nf6 7. O-O O-O 8. Nd2
Be6 9. Nb3 Nbd7 10. e4 Bg4 11. f3 Be6 12. f4 exf4 13. Bxf4 Ne5 14. c5 Nh5 15.
d4 Nxf4 16. gxf4 Nc4 17. Qe2 d5 18. e5 b5 19. Nd1 a5 20. Ne3 Qd7 21. Nc1 Nxe3
22. Qxe3 Bf5 23. Ne2 Rfe8 24. Qd2 a4 25. Bf3 h5 26. Rae1 h4 27. Qd1 Bg4 28. Qd3
Bf5 29. Qd2 Bh6 30. Qc3 Re6 31. Bg2 1/2-1/2

[Event "HUN Team League Ch. Csongrad Region"]
[Site "Csongrád County"]
[Date "2016.02.21"]
[Round "6.2"]
[White "Adok, Janos"]
[Black "Martonosi, Adam"]
[Result "1-0"]
[WhiteElo "2239"]
[BlackElo "1874"]
[PlyCount "116"]
[EventDate "2015.09.20"]

1. c4 c5 2. Nc3 Nc6 3. Nf3 g6 4. d4 cxd4 5. Nxd4 Bg7 6. Nc2 Bxc3+ 7. bxc3 Qa5
8. Qd2 Nf6 9. f3 d6 10. e4 Ne5 11. Ne3 Be6 12. Rb1 Qc7 13. Nd5 Bxd5 14. cxd5
O-O 15. Qd4 Rfc8 16. Bd2 Nc4 17. Bxc4 Qxc4 18. Qxc4 Rxc4 19. Rxb7 Ra4 20. O-O
Rxa2 21. Bh6 Rc2 22. Ra1 a5 23. Rxa5 Rc8 24. Ra3 Kh8 25. h3 Ng8 26. Be3 Kg7 27.
Bd4+ f6 28. Raa7 Kf7 29. Kh2 Re8 30. h4 h5 31. Rb6 Kf8 32. Rab7 Ra2 33. Rb8 Ra8
34. Rxe8+ Kxe8 35. g4 Nh6 36. g5 fxg5 37. hxg5 Nf7 38. f4 Ra2+ 39. Kg3 Re2 40.
Kf3 Re1 41. Rb8+ Kd7 42. Rf8 Nd8 43. Bb6 Nb7 44. Rb8 Rb1 45. Rxb7+ Kc8 46. Rc7+
Kb8 47. Rc6 Kb7 48. Bf2 Rb2 49. f5 gxf5 50. exf5 Ra2 51. f6 exf6 52. gxf6 Ra8
53. Rxd6 Rf8 54. Bd4 Rf7 55. Re6 Kc8 56. Re7 Rf8 57. f7 Kd8 58. Ra7 Rxf7+ 1-0

[Event "HUN Team League Ch. Csongrad Region"]
[Site "Csongrád County"]
[Date "2016.02.21"]
[Round "6.2"]
[White "Csibor, Andras"]
[Black "Botka, Peter"]
[Result "1/2-1/2"]
[WhiteElo "1825"]
[BlackElo "2115"]
[PlyCount "106"]
[EventDate "2015.09.20"]

1. d4 Nf6 2. c4 e6 3. Nc3 c5 4. e3 b6 5. Nf3 Bb7 6. Be2 Be7 7. O-O O-O 8. a3
cxd4 9. exd4 d5 10. cxd5 Nxd5 11. Nxd5 Qxd5 12. Be3 Bf6 13. Qd2 Nc6 14. b4 Rfd8
15. Rfd1 Ne7 16. Rac1 Rd7 17. Ne1 Rad8 18. Bf3 Qf5 19. Bxb7 Rxb7 20. Qc2 Rbd7
21. Nf3 Qh5 22. Rd2 h6 23. Qe4 Nd5 24. Rdc2 Qf5 25. Qxf5 exf5 26. g3 g5 27. Rc8
Rxc8 28. Rxc8+ Kg7 29. h3 Re7 30. Bc1 Re4 31. Kf1 g4 32. hxg4 fxg4 33. Ne5 Rxd4
34. Nd7 Nf4 35. Bxf4 Rxd7 36. Rc6 h5 37. Ke2 Bd4 38. a4 Re7+ 39. Kf1 Be5 40.
Bh6+ Kg8 41. Bd2 Rd7 42. Ke2 f6 43. a5 bxa5 44. bxa5 Bd4 45. Bb4 Kf7 46. Be1
Kg6 47. Rc8 Re7+ 48. Kf1 f5 49. Rc6+ Kh7 50. Bd2 Rd7 51. Rh6+ Kg7 52. Bf4 Rd5
53. Ra6 Rd7 1/2-1/2

[Event "HUN Team League Ch. Csongrad Region"]
[Site "Csongrád County"]
[Date "2016.02.21"]
[Round "6.2"]
[White "Borsi, Imre"]
[Black "Kralik, Attila"]
[Result "1/2-1/2"]
[WhiteElo "2080"]
[BlackElo "1754"]
[PlyCount "57"]
[EventDate "2015.09.20"]

1. d4 Nf6 2. c4 g6 3. Nc3 Bg7 4. e4 d6 5. f3 O-O 6. Be3 Nc6 7. Nge2 e5 8. d5
Ne7 9. Qd2 Ne8 10. O-O-O c5 11. g4 b5 12. cxb5 a6 13. bxa6 Bxa6 14. Ng3 Nc7 15.
Bh6 f6 16. h4 Rf7 17. Bxg7 Rxg7 18. g5 f5 19. exf5 Nxf5 20. Nxf5 gxf5 21. Bh3
Bc8 22. Rdg1 Qe8 23. h5 Nb5 24. Nxb5 Qxb5 25. Bf1 Qa4 26. a3 Rb8 27. h6 Rgb7
28. g6 Rxb2 29. gxh7+ 1/2-1/2

[Event "HUN Team League Ch. Csongrad Region"]
[Site "Csongrád County"]
[Date "2016.02.21"]
[Round "6.2"]
[White "Balassy, Gabor"]
[Black "Abraham, Zoltan"]
[Result "1-0"]
[WhiteElo "1743"]
[BlackElo "1926"]
[PlyCount "77"]
[EventDate "2015.09.20"]

1. d4 Nf6 2. Nf3 g6 3. c4 Bg7 4. Nc3 d5 5. g3 c6 6. Bg2 O-O 7. cxd5 Nxd5 8. e4
Nxc3 9. bxc3 c5 10. O-O Nc6 11. Be3 Qa5 12. Qc1 Bg4 13. Rd1 Rfd8 14. Qb2 b6 15.
Rac1 c4 16. h3 Bd7 17. Qd2 Rac8 18. Bh6 b5 19. Bxg7 Kxg7 20. d5 Nb8 21. h4 Bg4
22. Qd4+ f6 23. Rd2 Nd7 24. Nh2 Ne5 25. f4 Nd3 26. Rxd3 cxd3 27. Nxg4 Qxa2 28.
e5 Qa6 29. Qxd3 Qb6+ 30. Kh2 b4 31. exf6+ exf6 32. Rb1 Rxc3 33. Qe4 a5 34. Qe7+
Kh8 35. Nh6 Rdc8 36. Nf7+ Kg8 37. d6 Qf2 38. Nh6+ Kh8 39. Qxf6# 1-0

[Event "HUN Team League Ch. Csongrad Region"]
[Site "Csongrád County"]
[Date "2016.02.21"]
[Round "6.2"]
[White "Buzas, Andras"]
[Black "Szekeres, Mihaly"]
[Result "1-0"]
[WhiteElo "1775"]
[BlackElo "1691"]
[PlyCount "65"]
[EventDate "2015.09.20"]

1. e4 c5 2. Nf3 d6 3. d4 cxd4 4. Nxd4 Nf6 5. Nc3 a6 6. Be3 Bd7 7. Bd3 Qc7 8.
O-O e6 9. Qe2 Nc6 10. f4 Be7 11. h3 O-O 12. Rf3 Rac8 13. Raf1 Qa5 14. Nb3 Qc7
15. Nd2 Nb4 16. Nc4 Nxd3 17. cxd3 b5 18. Nb6 Rb8 19. Nxd7 Nxd7 20. Rg3 Bf6 21.
d4 b4 22. Nd1 g6 23. f5 exf5 24. exf5 Qa5 25. fxg6 hxg6 26. Qc4 Bg7 27. Rxg6 d5
28. Qxa6 Ra8 29. Rxg7+ Kxg7 30. Qh6+ Kg8 31. Qg5+ Kh8 32. Qh5+ Kg8 33. Qg4+ 1-0

[Event "HUN Team League Ch. Csongrad Region"]
[Site "Csongrád County"]
[Date "2016.02.21"]
[Round "6.2"]
[White "Erdei, Imre"]
[Black "Bene, Zoltan"]
[Result "1-0"]
[WhiteElo "1727"]
[BlackElo "1751"]
[PlyCount "97"]
[EventDate "2015.09.20"]

1. d4 d5 2. Nf3 Nf6 3. c4 dxc4 4. Qa4+ Nc6 5. e3 Bd7 6. Qxc4 e6 7. a3 Na5 8.
Qc2 Be7 9. b4 Nc6 10. Nc3 a6 11. Bd3 h6 12. Bd2 O-O 13. h3 Bd6 14. O-O e5 15.
dxe5 Nxe5 16. Nxe5 Bxe5 17. Rad1 Re8 18. Bc1 Qc8 19. f4 Bxc3 20. Qxc3 Bc6 21.
Bc4 Ne4 22. Qb3 Re7 23. Bd5 Qe8 24. Bxc6 Qxc6 25. Qd5 Qxd5 26. Rxd5 Rae8 27.
Re1 c6 28. Rd3 c5 29. bxc5 Nxc5 30. Rc3 b6 31. g4 Re4 32. Kf2 Rd8 33. Kf3 Rde8
34. Rd1 R4e6 35. h4 g6 36. Rd5 f6 37. f5 gxf5 38. Rxf5 Kg7 39. Rc4 Re5 40. Rxe5
Rxe5 41. Bb2 Re6 42. g5 hxg5 43. hxg5 Kg6 44. gxf6 Nd3 45. Rg4+ Kf7 46. Rg7+
Kf8 47. Bd4 b5 48. Ra7 b4 49. axb4 1-0

[Event "HUN Team League Ch. Csongrad Region"]
[Site "Csongrád County"]
[Date "2016.02.21"]
[Round "6.3"]
[White "Tubak, Daniel"]
[Black "Kurucz, Gergely"]
[Result "1-0"]
[WhiteElo "2022"]
[BlackElo "1586"]
[PlyCount "81"]
[EventDate "2015.09.20"]

1. e4 e5 2. Nf3 d6 3. d4 exd4 4. Nxd4 Nf6 5. Nc3 Be6 6. Nxe6 fxe6 7. Bc4 Qd7 8.
Bg5 Qf7 9. O-O Nbd7 10. f4 Nb6 11. Bb3 c6 12. f5 Be7 13. Bxe6 Qh5 14. Qxh5+
Nxh5 15. Bxe7 Kxe7 16. Rfe1 Rhf8 17. Rad1 Nf6 18. Bb3 Rad8 19. g3 Nh5 20. e5 d5
21. g4 Nf4 22. Rf1 g5 23. Rde1 Nd7 24. Ne2 Nxe2+ 25. Rxe2 Nc5 26. c3 Nxb3 27.
axb3 b6 28. Rd1 h6 29. Red2 Rd7 30. c4 Rfd8 31. cxd5 cxd5 32. Rc1 d4 33. Rc6
Rd5 34. Rc7+ R8d7 35. Rxd7+ Kxd7 36. e6+ Ke7 37. Kf2 h5 38. h3 h4 39. Kf3 Rb5
40. Rd3 Rb4 41. Ke4 1-0

[Event "HUN Team League Ch. Csongrad Region"]
[Site "Csongrád County"]
[Date "2016.02.21"]
[Round "6.3"]
[White "Farkas, Boldizsar"]
[Black "Tenk, Zoltan"]
[Result "0-1"]
[WhiteElo "1429"]
[BlackElo "1938"]
[PlyCount "120"]
[EventDate "2015.09.20"]

1. b4 b6 2. Bb2 Bb7 3. e3 Nf6 4. Nf3 d5 5. Be2 e6 6. b5 Be7 7. O-O c5 8. d3
Nbd7 9. Nbd2 O-O 10. c4 Qc7 11. Rc1 a6 12. a4 axb5 13. axb5 dxc4 14. Nxc4 Rfd8
15. Qb3 Nd5 16. Nce5 Nxe5 17. Bxe5 Bd6 18. Bb2 Qe7 19. d4 Nf6 20. dxc5 Bxc5 21.
Rfd1 Bd5 22. Qc2 Ra2 23. Ng5 h6 24. e4 Rxb2 25. Qxb2 Ba3 26. Qd2 Bxc1 27. Qxc1
Nxe4 28. Nf3 Qc5 29. Qxc5 Nxc5 30. Bc4 Ra8 31. Bxd5 exd5 32. h3 Ra5 33. Rb1 Ne4
34. Nd4 Ra4 35. Nc6 Kf8 36. f3 Nc3 37. Rb3 Rc4 38. Kf2 Rc5 39. Nd4 Rc4 40. Nc6
Ke8 41. Ke3 Nxb5 42. Rxb5 Rxc6 43. Rxd5 Ke7 44. Ke4 Rd6 45. Rb5 Kd7 46. g4 Kc6
47. Rb1 b5 48. h4 Kc5 49. Rc1+ Kb4 50. Rb1+ Kc5 51. Rc1+ Kb6 52. Rb1 Rd2 53.
Ke3 Ra2 54. Kd3 Ra3+ 55. Ke4 Ka5 56. Rd1 b4 57. Rd2 b3 58. Rd5+ Kb4 59. Rd4+
Kc3 60. Rd3+ Kc2 0-1

[Event "HUN Team League Ch. Csongrad Region"]
[Site "Csongrád County"]
[Date "2016.02.21"]
[Round "6.3"]
[White "Blazsik, Zoltan"]
[Black "Farkas, Virag"]
[Result "1-0"]
[WhiteElo "1875"]
[BlackElo "1413"]
[PlyCount "63"]
[EventDate "2015.09.20"]

1. Nf3 e6 2. c4 d5 3. e3 Nf6 4. Nc3 Bb4 5. Qa4+ Nc6 6. Ne5 Bxc3 7. bxc3 Bd7 8.
Nxd7 Qxd7 9. Ba3 Ne4 10. cxd5 Qxd5 11. Qc2 Rd8 12. d3 Nc5 13. Rd1 Rd7 14. d4
Ne4 15. Bd3 Nd6 16. O-O O-O 17. Bxh7+ Kh8 18. Bd3 Qg5 19. f4 Qg4 20. Rf3 Kg8
21. Bh7+ Kh8 22. Rh3 g6 23. Bxg6+ Kg8 24. Bh7+ Kg7 25. Rg3 Qxg3 26. hxg3 f5 27.
d5 exd5 28. Rxd5 Kxh7 29. g4 Rfd8 30. Bxd6 Rxd6 31. Qxf5+ Kg7 32. Rxd6 1-0

[Event "HUN Team League Ch. Csongrad Region"]
[Site "Csongrád County"]
[Date "2016.02.21"]
[Round "6.3"]
[White "Fulop, Csilla"]
[Black "Berczi, Peter"]
[Result "0-1"]
[WhiteElo "1402"]
[BlackElo "1802"]
[PlyCount "52"]
[EventDate "2015.09.20"]

1. e4 c5 2. Nf3 d6 3. g3 Nf6 4. d3 e6 5. Bg2 Nc6 6. O-O Be7 7. Re1 Qc7 8. b3
Rb8 9. Bb2 e5 10. c3 b5 11. d4 c4 12. Qc2 O-O 13. Nbd2 cxb3 14. axb3 Nxd4 15.
Nxd4 exd4 16. Nf3 dxc3 17. Qxc3 Qxc3 18. Bxc3 b4 19. Bd4 a6 20. e5 Nd5 21. exd6
Bxd6 22. Nh4 Nc3 23. Bf1 Rd8 24. Be3 Be6 25. Bc4 Bxc4 26. bxc4 b3 0-1

[Event "HUN Team League Ch. Csongrad Region"]
[Site "Csongrád County"]
[Date "2016.02.21"]
[Round "6.3"]
[White "Volford, Istvan"]
[Black "Kocsmar, Akos"]
[Result "0-1"]
[WhiteElo "1791"]
[BlackElo "1377"]
[PlyCount "72"]
[EventDate "2015.09.20"]

1. e4 e5 2. Nf3 Nc6 3. Bb5 a6 4. Bxc6 dxc6 5. O-O Bd6 6. h3 Bd7 7. d4 f6 8.
dxe5 fxe5 9. Nxe5 Nf6 10. Nxd7 Nxd7 11. Be3 Qe7 12. Nd2 O-O-O 13. Qe2 h6 14. c3
Nc5 15. Bd4 Ne6 16. Qg4 Kb8 17. a3 h5 18. Qe2 Nf4 19. Qe3 Qg5 20. g3 c5 21. h4
Qg4 22. e5 Ne2+ 23. Kg2 cxd4 24. cxd4 Be7 25. Nf3 Nxd4 26. Nxd4 Rxd4 27. f3 Qd7
28. b4 g5 29. hxg5 h4 30. Rh1 h3+ 31. Kf1 Rf8 32. Ke2 Qb5+ 33. Kf2 Rd3 34. Qe4
Bxg5 35. f4 Rxf4+ 36. gxf4 Bh4+ 0-1

[Event "HUN Team League Ch. Csongrad Region"]
[Site "Csongrád County"]
[Date "2016.02.21"]
[Round "6.3"]
[White "Gyovai, Janos"]
[Black "Boa, Bence"]
[Result "0-1"]
[WhiteElo "1325"]
[BlackElo "1712"]
[PlyCount "100"]
[EventDate "2015.09.20"]

1. e4 c6 2. d4 d5 3. exd5 cxd5 4. Bd3 Nc6 5. c3 Nf6 6. Ne2 Bg4 7. f3 Bh5 8. O-O
e6 9. Bg5 Bd6 10. Bh4 Qb6 11. Qb3 Qc7 12. Bg3 Bg6 13. Qc2 Bxg3 14. Nxg3 Nxd4
15. Qa4+ Nc6 16. Bxg6 hxg6 17. Nd2 Qb6+ 18. Rf2 O-O 19. Nb3 Rac8 20. Rd1 Ne5
21. Qd4 Qxd4 22. Nxd4 a6 23. Nb3 Nc4 24. Nf1 Nh5 25. g3 Nf6 26. Re2 g5 27. Ne3
Nxe3 28. Rxe3 g4 29. f4 Ne4 30. Nd2 Nc5 31. Rf1 g6 32. h3 gxh3 33. g4 Rfe8 34.
Rxh3 f5 35. gxf5 exf5 36. Rg3 Kf7 37. Nf3 Ne4 38. Rg2 Re6 39. Ne5+ Kg7 40. Rd1
Rd8 41. c4 d4 42. b4 b6 43. Nf3 d3 44. Ng5 Nxg5 45. Rxg5 Re4 46. Rg3 d2 47. Rf3
Rxc4 48. a3 Rc1 49. Rff1 Rxd1 50. Rxd1 Rd3 0-1

[Event "HUN Team League Ch. Csongrad Region"]
[Site "Csongrád County"]
[Date "2016.02.21"]
[Round "6.3"]
[White "Szajbely, Samuel Janos"]
[Black "Tamas, Attila"]
[Result "1-0"]
[WhiteElo "1593"]
[BlackElo "1233"]
[PlyCount "85"]
[EventDate "2015.09.20"]

1. e4 g6 2. Nf3 d6 3. Bc4 Bg7 4. d4 Bg4 5. h3 Bxf3 6. Qxf3 e6 7. Be3 Qf6 8. Nd2
Qxf3 9. Nxf3 Ne7 10. O-O-O d5 11. exd5 exd5 12. Bb3 O-O 13. Bf4 c6 14. Bd6 Re8
15. Rhe1 Bf6 16. g4 h6 17. h4 Nd7 18. g5 Nf5 19. Be5 Bxe5 20. dxe5 h5 21. c3
Re6 22. c4 d4 23. Nxd4 Rxe5 24. Nxf5 Rxe1 25. Nh6+ Kg7 26. Rxe1 Nc5 27. Re7 Rf8
28. Kc2 a5 29. a3 a4 30. Ba2 b6 31. b4 axb3+ 32. Bxb3 Nxb3 33. Kxb3 c5 34. Ka4
Ra8+ 35. Kb5 Rxa3 36. Rxf7+ Kh8 37. Kxb6 Ra6+ 38. Kxc5 Ra5+ 39. Kd6 Ra6+ 40.
Ke5 Re6+ 41. Kf4 Re4+ 42. Kg3 Rg4+ 43. Nxg4 1-0

[Event "HUN Team League Ch. Csongrad Region"]
[Site "Csongrád County"]
[Date "2016.02.21"]
[Round "6.3"]
[White "Meljan, David"]
[Black "Torok, Mate"]
[Result "1-0"]
[WhiteElo "1605"]
[BlackElo "1460"]
[PlyCount "55"]
[EventDate "2015.09.20"]

1. d4 Nf6 2. c4 g6 3. Nc3 Bg7 4. Bg5 O-O 5. Nf3 Nc6 6. e3 e6 7. Be2 h6 8. Bh4
g5 9. Bg3 d5 10. O-O dxc4 11. Bxc4 Nh5 12. Ne5 Nxg3 13. Nxc6 bxc6 14. hxg3 Bb7
15. Qc2 a5 16. Rfd1 Ba6 17. Ne2 Bxc4 18. Qxc4 Qd5 19. Rac1 Qb5 20. Qxb5 cxb5
21. Rxc7 e5 22. Rc5 exd4 23. Nxd4 b4 24. b3 Rfc8 25. Rdc1 Bxd4 26. Rxc8+ Rxc8
27. Rxc8+ Kg7 28. exd4 1-0

[Event "HUN Team League Ch. Csongrad Region"]
[Site "Csongrád County"]
[Date "2016.02.21"]
[Round "6.4"]
[White "Tornyai, Jeno"]
[Black "Kiss, Balazs Janos"]
[Result "1/2-1/2"]
[WhiteElo "1945"]
[BlackElo "1953"]
[PlyCount "110"]
[EventDate "2015.09.20"]

1. d4 d5 2. Nc3 e6 3. e4 dxe4 4. Nxe4 Be7 5. Nf3 Nf6 6. Bd3 Bd7 7. Ne5 Nc6 8.
Nxd7 Qxd7 9. c3 O-O-O 10. O-O Nxe4 11. Bxe4 f5 12. Bf3 g5 13. Qa4 h5 14. Bxc6
Qxc6 15. Qxc6 bxc6 16. Re1 Kd7 17. Bd2 Bf6 18. Re2 Rb8 19. b4 a5 20. bxa5 Rb2
21. Kf1 Ra8 22. a4 Rxa5 23. c4 Ra6 24. Bc3 Rxe2 25. Kxe2 c5 26. Ke3 cxd4+ 27.
Bxd4 Bxd4+ 28. Kxd4 Ra5 29. Kc3 c5 30. Kb3 Ra8 31. a5 Rb8+ 32. Kc3 Kc6 33. Re1
Kd6 34. Re2 Ra8 35. Ra2 Kc6 36. f3 g4 37. fxg4 hxg4 38. Kd3 Kd6 39. a6 Kc6 40.
a7 e5 41. h4 gxh3 42. gxh3 Kd6 43. Ra6+ Ke7 44. Ra5 Kf6 45. h4 Kg6 46. Rxc5 e4+
47. Ke3 Rxa7 48. Kf4 Ra3 49. h5+ Kxh5 50. Rxf5+ Kg6 51. Re5 Kf6 52. Rxe4 Rh3
53. Rd4 Ke6 54. Kg4 Rc3 55. Kf4 Rh3 1/2-1/2

[Event "HUN Team League Ch. Csongrad Region"]
[Site "Csongrád County"]
[Date "2016.02.21"]
[Round "6.4"]
[White "Csuri, Laszlo"]
[Black "Vanya, Janos"]
[Result "1-0"]
[WhiteElo "2007"]
[BlackElo "1921"]
[PlyCount "105"]
[EventDate "2015.09.20"]

1. d4 Nf6 2. Nf3 e6 3. g3 b6 4. Bg2 Bb7 5. c4 d5 6. Nc3 Nbd7 7. Qc2 Be7 8. O-O
O-O 9. Ne5 h6 10. Rd1 c5 11. Nxd7 Qxd7 12. cxd5 exd5 13. dxc5 bxc5 14. e3 Rfd8
15. Ne2 Rac8 16. b3 d4 17. Bxb7 Qxb7 18. exd4 cxd4 19. Qd3 Ng4 20. Bf4 g5 21.
h3 Nxf2 22. Kxf2 gxf4 23. Qf5 fxg3+ 24. Nxg3 d3 25. Ne4 Bh4+ 26. Kf3 Rd6 27.
Rg1+ Kf8 28. Kg4 Rd4 29. Kxh4 Qxe4+ 30. Qxe4 Rxe4+ 31. Rg4 Rxg4+ 32. Kxg4 d2
33. Rd1 Rc2 34. a3 Ke7 35. Kf4 Rc3 36. b4 Rxa3 37. Rxd2 Rxh3 38. Ra2 Rh4+ 39.
Ke5 Rxb4 40. Rxa7+ Kf8 41. Kf6 Rb6+ 42. Kf5 Kg7 43. Ra8 Rb5+ 44. Kg4 Kg6 45.
Ra6+ f6 46. Ra8 Rb4+ 47. Kg3 h5 48. Ra6 Kg5 49. Ra5+ f5 50. Ra8 Rb3+ 51. Kh2
Kg4 52. Rg8+ Kf3 53. Rg3+ 1-0

[Event "HUN Team League Ch. Csongrad Region"]
[Site "Csongrád County"]
[Date "2016.02.21"]
[Round "6.4"]
[White "Balogh, Ferenc"]
[Black "Nagy Dani, Karoly"]
[Result "1-0"]
[WhiteElo "1888"]
[BlackElo "1875"]
[PlyCount "97"]
[EventDate "2015.09.20"]

1. e4 e6 2. d4 d5 3. Nc3 dxe4 4. Nxe4 Be7 5. Bd3 Nf6 6. Ne2 Nxe4 7. Bxe4 c6 8.
O-O Nd7 9. c3 Nf6 10. Bf3 O-O 11. a3 c5 12. dxc5 Bxc5 13. b4 Be7 14. c4 e5 15.
Nc3 Qc7 16. Nd5 Nxd5 17. Bxd5 Rd8 18. Qb3 Bf6 19. Bb2 Bf5 20. Rfe1 a5 21. Rad1
axb4 22. axb4 Rac8 23. Qf3 Bc2 24. Rc1 e4 25. Qf5 Bd3 26. Bxf6 gxf6 27. Bxe4
Bxe4 28. Rxe4 Qd7 29. Qxd7 Rxd7 30. c5 b6 31. Kf1 bxc5 32. bxc5 Rd5 33. c6 Rc7
34. Ke2 Rd6 35. Rec4 Kg7 36. R1c3 f5 37. Kf3 Kg6 38. Kf4 h6 39. Ke5 Rd2 40.
Rg3+ Kh7 41. f3 Re2+ 42. Kd6 Rce7 43. f4 R7e6+ 44. Kc5 Rb2 45. c7 Re8 46. Rd3
Ra2 47. Rd8 Ra8 48. Rxa8 Rxa8 49. Kb6 1-0

[Event "HUN Team League Ch. Csongrad Region"]
[Site "Csongrád County"]
[Date "2016.02.21"]
[Round "6.4"]
[White "Ver, Imre"]
[Black "Farkas, Janos"]
[Result "0-1"]
[WhiteElo "1847"]
[BlackElo "1828"]
[PlyCount "70"]
[EventDate "2015.09.20"]

1. c4 Nf6 2. Nc3 g6 3. d4 Bg7 4. e4 d6 5. Nf3 Nbd7 6. Be2 c6 7. O-O a6 8. a4
O-O 9. Bg5 h6 10. Bd2 e5 11. Qc2 Kh7 12. Rfd1 exd4 13. Nxd4 Nxe4 14. Nxc6 Nxc3
15. Bxc3 bxc6 16. Bxg7 Kxg7 17. Rxd6 Qe7 18. Qd2 Re8 19. Bf3 Ne5 20. Qd4 c5 21.
Qd5 Nxf3+ 22. gxf3 Bh3 23. Qd2 Rad8 24. Rxd8 Rxd8 25. Qe3 Qxe3 26. fxe3 Rd2 27.
Rb1 Rg2+ 28. Kh1 a5 29. b3 Rf2 30. Kg1 Rxf3 31. Re1 Kf6 32. b4 cxb4 33. c5 Rf1+
34. Rxf1+ Bxf1 35. Kxf1 b3 0-1